Progress in Maritime Technology and Engineering : (Record no. 2813)
[ view plain ]
| 000 -LEADER | |
|---|---|
| fixed length control field | 01919nam a22003137a 4500 |
| 006 - FIXED-LENGTH DATA ELEMENTS--ADDITIONAL MATERIAL CHARACTERISTICS--GENERAL INFORMATION | |
| fixed length control field | m |o go|ad |
| 007 - PHYSICAL DESCRIPTION FIXED FIELD--GENERAL INFORMATION | |
| fixed length control field | cr ||||||||||| |
| 008 - FIXED-LENGTH DATA ELEMENTS--GENERAL INFORMATION | |
| fixed length control field | 230630s2018 enkad|||o|||| 00| 0 eng d |
| 020 ## - INTERNATIONAL STANDARD BOOK NUMBER | |
| International Standard Book Number | 9780429505294 (ebk) |
| 040 ## - CATALOGING SOURCE | |
| Original cataloging agency | IMU Kochi Library |
| Language of cataloging | eng |
| 041 0# - LANGUAGE CODE | |
| Language code of text/sound track or separate title | eng |
| 044 ## - COUNTRY OF PUBLISHING/PRODUCING ENTITY CODE | |
| MARC country code | England |
| 082 04 - DEWEY DECIMAL CLASSIFICATION NUMBER | |
| Edition number | 23 |
| Classification number | 623.87 |
| 111 20 - MAIN ENTRY--MEETING NAME | |
| Meeting name or jurisdiction name as entry element | International Conference on Marine Technology |
| Number of part/section/meeting | (4th : |
| Date of meeting | 2018 : |
| Location of meeting | Lisbon, Portugal) |
| 245 10 - TITLE STATEMENT | |
| Title | Progress in Maritime Technology and Engineering : |
| Sub Title | Proceedings of the 4th International Conference on Maritime Technology and Engineering (MARTECH 2018), May 7-9, 2018, Lisbon, Portugal |
| 264 ## - Production, Publication, Distribution, Manufacture, and Copyright Notice | |
| Place of production, publication, distribution, manufacture | London : |
| Name of producer, publisher, distributor, manufacturer | CRC Press, |
| Date of production, publication or copyright notice | 2018 |
| 300 ## - PHYSICAL DESCRIPTION | |
| Extent | 1 online resource |
| 504 ## - BIBLIOGRAPHY, ETC. NOTE | |
| Bibliography, etc | Bibliography, etc Includes bibliographical references and index. |
| 520 ## - SUMMARY, ETC. | |
| Summary, etc | "This proceedings volumeis a collection of papers presented at the 4th International Conference on Maritime Technology and Engineering (MARTECH 2018, Lisbon, Portugal,7-9 May2018). The MARTECH Conferences series evolved from biannual national conferences in Portugal, thus reflecting the internationalization of the maritime sector. The keynote lectures and the papers come from an international group of authors focused on different subjects in a variety of fields: Maritime Transportation, Energy Efficiency, Ships in Ports, Ship Hydrodynamics, Ship Structures, Ship Design, Ship Machinery, Shipyard Technology, Safety & Reliability, Fisheries, Oil & Gas, Marine Environment, Renewable Energy and Coastal Structures. This work will appeal to academics, engineers and professionals interested or involved in these fields."--Provided by publisher. |
| 650 #0 - SUBJECT ADDED ENTRY--TOPICAL TERM | |
| Topical term or geographic name as entry element | Marine engineering |
| 650 #0 - SUBJECT ADDED ENTRY--TOPICAL TERM | |
| Topical term or geographic name as entry element | Technological innovations |
| 700 ## - ADDED ENTRY--PERSONAL NAME | |
| Personal name | Guedes Soares, Carlos, |
| Relator term | Editor |
| 700 ## - ADDED ENTRY--PERSONAL NAME | |
| Personal name | Santos, T. A., |
| Relator term | Editor |
| 852 ## - LOCATION/CALL NUMBER | |
| Location | IMU Kochi Library |
| 856 40 - ELECTRONIC LOCATION AND ACCESS | |
| Uniform Resource Identifier | <a href="http://www.taylorfrancis.com/books/9780429505294">http://www.taylorfrancis.com/books/9780429505294</a> |
| 904 ## - LOCAL DATA ELEMENT D, LDD (RLIN) | |
| CATALOGER | Rudra Ranjan |
| 905 ## - LOCAL DATA ELEMENT E, LDE (RLIN) | |
| VERIFIER | Rudra Ranjan |
| 942 ## - ADDED ENTRY ELEMENTS (KOHA) | |
| Item type | E-Book |
No items available.